000 02026nam a2200313 a 4500
003 CO-ViMGA
005 20230915233133.0
008 091219s2006 ck a gr 00110 spa d
020 _a9789588306384
040 _aCO-ViMGA
_bspa
_cCO-ViMGA
082 0 4 _aI155.4
_bV34c
100 1 0 _aVillegas, Maria
_920538
245 1 0 _aEl libro de los dias
_ctextos de Maria Villegas y Jennie Kent ; ilustraciones de Caterina Arango
250 _a1a. edicion
260 3 _aBogot
_bVillegas Editores
_c2007
300 _a400 paginas
_bilustraciones
_c20 cm.
490 _aCosas de niñas
500 _aDonacion Villegas Editores
500 _aIncluye indice
500 _aIncluye un candado con su respectiva llave
520 _aBellamente ilustrado con gracia y sensibilidad, este libro aspira a llenar el vacio existente en la literatura para mujercitas pre-adolescentes. Lleno de consejos, actividades, recetas, formulas, quizzes, ideas, informacion de genero y muchas otras cosas de niñas, resulta una guia ut͠il sobre aquellos temas que a menudo cohib̕en a las niñas y a los padres les resultan dificiles de abordar. Se trata de un libro personal e intransferible para que las niñas no solo investiguen en ľ sus inquietudes mas intimas, sino escriban sus impresiones, respondan cuestionarios y realicen actividades que las ayuden a procesar todo ese tropel de sentimientos encontrados, tipico de su edad. Es una obra en la que no caben divisiones sociales, raciales o culturales, los acontecimientos que aborda son naturales de la mujer en esa etapa de su desarrollo. La informacion presentada ha sido avalada por profesionales de las areas respectivas, garantizando su seriedad
650 1 4 _2LEMB
_aAutoestima en la adolescencia
_921655
650 1 4 _aDiarios intimos
_2LEMB
_96229
650 1 4 _aLibros ilustrados para niños
_2LEMB
_987
650 1 4 _aPsicologia infantil
_xLiteratura infantil
_2LEMB
_920637
700 1 0 _aArango, Caterina
_eilustradora
_924091
700 1 0 _aKent, Jennie
_920540
942 _2ddc
_cBK
999 _c35539
_d35539